00406nam a2200157Ia 4500003000400000008004100004040001600045082001300061100001800074245004600092260003900138300001000177490002400187650001500211650002200226GCL140319s9999 xx 000 0 eng d aGCL / cGCL04a843bA N1 aANOUILH, JEAN10aNE REVEILLEZ PAS MADAME / cANOUILH, JEAN a[S.N] : bLA TABLE RONDE ، c1981 a184 P aCOLLECTION FOLIOv004aLITERATURE04aFRENCH LITERATURE